00920nam a2200265 a 450000100060000000300090000600800410001501500210005602000150007704000280009204100120012008200150013210000340014724500320018124600700021326000520028330000240033549000590035952100190041865000330043791700180047094200120048899900170050095201370051725912CO-ViMGA141112s2004 ck r 000 u spa d ack - 2004 - xxxx a9806437527 aCO-ViMGAbspacCO-ViMGA aspa fre04a930.1 J26h1 aJeneusse, Albin Michel94042510aLos hombres prehistóricos aLos hombres prehistóricos : experimentos fáciles y divertidos aMaracay ; Colombia : bPlayco Editores, cc2004 a83 p. : il. ; 18 cm aCiencia de bolsillo. Los pequeños científicos ; 11 a8 - 12 años.14aHombre prehistórico918084 a1624 20050418 2ddccBK c33149d33149 00102ddc40708003aMEVIECARbMEVIECARd2015-12-04h03/sep/2014l0o930.1 J26h p27188r2015-12-04 00:00:00tEj. 1w2015-12-04yBK